| 000 | 00811nam a22002417a 4500 | ||
|---|---|---|---|
| 999 |
_c3551 _d3551 |
||
| 001 | 3551 | ||
| 003 | BD-JhCC | ||
| 005 | 20171115183155.0 | ||
| 008 | 171114s2007 xxu |||| |||| 000 0 ben d | ||
| 020 | _a9848065601 | ||
| 035 | _a(BD-JhCC)3551 | ||
| 040 |
_aBD-JhCC _dBD-JhCC |
||
| 041 | _aben | ||
| 082 |
_a891.4415 _bRAF 2007 |
||
| 100 | _aরফিক, মোহাম্মদ | ||
| 245 |
_aমোহাম্মদ রফিকের নির্বাচিত কবিতা / _cমোহাম্মদ রফিক; অরুণ সেন (সম্পা) |
||
| 260 |
_aঢাকা : _bপ্যাপিরাস, _c২০০৭. |
||
| 300 |
_a২২১ পৃ. : _c২২ সেমি. |
||
| 650 | _aSelected Poems | ||
| 700 | _aসেন, অরুণ | ||
| 942 |
_2ddc _cBK |
||